Movies Quiz

Random Movies or Letter Quiz

'Q', 'X', 'Y', and 'Z' Movies by Picture Quiz Stats

Quiz Updated May 20, 2013

Challenge
Share
Tweet
Score 0/25 Timer 06:00
6 Plays Today
Grid Location Movie % Correct
Yogi Bear
92.5%
X-Men
91.4%
Zoolander
86.3%
The X-Files
78.5%
You've Got Mail
63.8%
The Queen
62.8%
Zombieland
62.8%
Quantum of Solace
58.4%
xXx
56.5%
Year One
54.6%
Young Frankenstein
46.3%
Zack and Miri Make a Porno
44.4%
You Don't Mess with the Zohan
39.8%
Grid Location Movie % Correct
Yentl
35%
Quiz Show
31.8%
Zodiac
30.1%
Xanadu
29.7%
Young Guns
27.5%
Yes Man
24.8%
You Only Live Twice
24.2%
Quarantine
20.3%
Your Highness
19.1%
Youth in Revolt
16.8%
Zathura
16.6%
The Quick and the Dead
15.4%

You're not logged in!

Compare scores with friends on all Sporcle quizzes.
Sign Up with Email
OR
Log In

You Might Also Like...

Show Comments

Extras

Top Quizzes Today


Score Distribution

Your Account Isn't Verified!

In order to create a playlist on Sporcle, you need to verify the email address you used during registration. Go to your Sporcle Settings to finish the process.